Barriers to European growth : a transatlantic view /

Bibliographic Details
Corporate Author: Brookings Institution
Other Authors: Lawrence, Robert Z., 1949-, Schultze, Charles L.
Format: Book
Language:English
Published: Washington, D.C. : Brookings Institution, [1987]
Subjects:

MARC

Tag First Indicator Second Indicator Subfields
LEADER 00000cam a2200000 a 4500
001 in00000007139
005 20151004090019.0
008 870917s1987 dcua b 10100 eng
010 |a  87026900  
020 |a 0815777701 :  |c $39.95 
020 |a 0815777698 (pbk.) :  |c $18.95 
035 |a (OCoLC)16803458 
035 |9 AAA1612AM 
040 |a DLC  |c DLC  |d TXA  |d UtOrBLW 
043 |a ew----- 
049 |a TXAM  |c [A12628926] 
050 0 0 |a HC240  |b .B297 1987 
082 0 |a 338.94  |2 19 
245 0 0 |a Barriers to European growth :  |b a transatlantic view /  |c Robert Z. Lawrence, Charles L. Schultze, editors. 
264 1 |a Washington, D.C. :  |b Brookings Institution,  |c [1987] 
264 4 |c ©1987 
300 |a xvii, 619 pages :  |b illustrations ;  |c 24 cm. 
336 |a text  |b txt  |2 rdacontent 
337 |a unmediated  |b n  |2 rdamedia 
338 |a volume  |b nc  |2 rdacarrier 
500 |a Papers presented at a conference held at Brookings in October 1986. 
504 |a Includes bibliographical references and indexes. 
651 0 |a Europe  |x Economic conditions  |y 1945-  |v Congresses. 
651 0 |a Europe  |x Economic policy  |v Congresses. 
700 1 |a Lawrence, Robert Z.,  |d 1949- 
700 1 |a Schultze, Charles L. 
710 2 |a Brookings Institution. 
999 |a MARS 
999 f f |s 2d521d7e-f1fe-3365-9722-c0e16902439a  |i 38fca037-72ef-3c9a-98a6-de214356303f  |t 0 
952 f f |p ric  |a Texas A&M University  |b Rellis Campus  |c Joint Library Facility  |d Remote Storage  |t 0  |e HC240 .B297 1987  |h Library of Congress classification  |i unmediated -- volume  |m A14812628926 
998 f f |a HC240 .B297 1987  |t 0  |l Remote Storage